000 00428nam a2200145Ia 4500
008 211109s9999||||xx |||||||||||||| ||und||
082 _a371.30281
_bWAL-S
100 _aWallace, Michael J.
245 0 _aStudy Skills in English
260 _bUniversal Book Stall
_aDelhi
_c1992
300 _a216p
630 _xGeneral Stack
650 _aEnglish Language
_vEnglish Language Study
_xEducationEnglish SkillsEnglish
942 _cBOOK
999 _c55863
_d55863